000 00594nam a2200217 4500
001 116165
003 ES-MaACL
005 20230906190641.0
007 t|
008 061121s1983 sp r ||||1| spa d
100 1 _aPaton, Alan.
_989582
245 1 3 _aEl falaropo /
_cAlan Paton ; versión de Flora Casas Vaca.
250 _a1ª ed.
260 _aMadrid :
_bDebate,
_c1983.
300 _a276 p. ;
_c18 cm.
490 1 _aDebate literatura
700 0 _aCasas, Flora.
_936191
830 0 _aDebate literatura
_9181756
852 _aES-MaACL
_jL-4723
_bR.105211
999 _c116165
_d116165